000
00301nam a2200121Ia 4500
008
250327s9999 xx 000 0 und d
020
_a
9780691011929
082
_b
KUH
_a
CQR
100
_a
HAROLD W. KUHN
_9
34130
245
0
_a
CLASSICS IN GAME THEORY
260
_b
PRINCETON UNIVERSITY PRESS
942
_c
BK
999
_c
6812
_d
6812